000 00299nam a22001337a 4500
008 180918b xxu||||| |||| 00| 0 eng d
020 _a9780534356866
041 _aeng
080 _a721
100 _a44
101 _aART
245 _aCulturally Competent Practice
_cLum.d
942 _2udc
_cBK
999 _c47938
_d47938